000 00361nam a2200109Ia 4500
008 171211s9999 xx 000 0 und d
245 _aFood Politics: How the Food Industry Influences Nutrition, and Health, Revised and Expanded Edition
245 _cMarion Nestle
260 _c2007
650 _xFITNESS
856 _uhttp://down.ebook777.com/062/0520254031.pdf
999 _c349073
_d349073